| 000 | 00627nam a2200157 4500 | ||
|---|---|---|---|
| 999 |
_c16545 _d16545 |
||
| 008 | 220223b ||||| |||| 00| 0 eng d | ||
| 022 | _a0091-4169 | ||
| 082 | _aDPer 364.05 J82 2011 v101 n.2 | ||
| 100 |
_aDeVore, Charlie. _941198 |
||
| 245 |
_aA lie is a lie: _ban argument for strict protection against a prosecutor's knowing use of perjured testimony/ _cCharlie DeVore. |
||
| 260 |
_aEvanston: _bNorthwestern University Press, _cc2011. |
||
| 300 |
_av101 n2, pages 667-698; _c25 cm. |
||
| 500 | _aThe Journal of Criminal Law and Criminology. | ||
| 650 |
_aAdministration of criminal justice sytem. _944063 |
||
| 942 |
_2ddc _cPER |
||